000 00309nam a22001217a 4500
040 _cNust
082 _aCH- 297
_bALA
100 _aAlam Faqri
_966363
245 _aماں باپ کی خدمت
260 _aLahore:
_bIdara Pegham ul Quran,
650 _aماں باپ کی خدمت
_9127697
942 _2ddc
_cBK
999 _c612748
_d612748